000 00458nam a2200157Ia 4500
008 151021s9999 xx 000 0 und d
020 _a393967166
050 _aU 264. S233 1995
245 _a_The Spread of Nuclear Weapons A Debate / Scott D. Sagan
260 _aNew York : W.W.Norton , 1995
300 _avii, 162 p.
500 _aIncludes index
650 _a_Nuclear weapons
700 _a_Waltz Kenneth N.
980 _a^d20120730 01:07:31^oanne
999 _c9109
_d9109